LEADER 01083nam a2200217 4500 001 000000354295 003 CaOOAMICUS 005 20230619090516.0 008 230619s1951 it f 000 u ita r 040 $aSeMil$bita 100 1 $aUrbani, Giovanni .$0(OLS)http://semarc/name/20554 245 10$aFederico Ozanam /$ccommemorazione tenuta da Sua Ecc. Giovanni Urbani, Arcivescovo Titolare di Sardi. 264 1$a[Italia] :$bSegretariato Nazionale [della Società di San Vincenzo],$c1951. 300 $a35 p. :$b2 p. di tav. ;$c19 cm 600 14$aOzanam, Antoine-Frédéric .$0(OLS)http://semarc/subject/9793 700 1 $aSegretariato Nazionale della Società di S. Vincenzo De' Paoli.$0(OLS)http://semarc/name/71937 850 $aSeMil 852 $aSeMil$W1$xVenegono$y1$m5A IV 7/16$j241567$B245555$CSeMilBibl$Z2$F245555 $81 996 $6245$aFederico Ozanam$9(OLS)http://semarc/title/102174 996 $6264$a[Italia] :$bSegretariato Nazionale [della Società di San Vincenzo]$9(OLS)http://semarc/publisher/53804 LEADER 00772nam a2200205 i 4500 001 000000208011 003 CaOOAMICUS 005 20200713160406.0 008 111114s1821 it u000 u ita u 013 $a186794 026 $aA.TE i-on n-te "b"d (3) 1821 (A) 040 $aSeMil$bita 245 10$aVol. 11. 300 $a[2], 103, [3] p., [1] carta di tav. :$bill. 700 1 $aGiordani, Pietro,$d<1774-1848>.$0(OLS)http://semarc/name/2933 773 0 $aGiordani, Pietro <1774-1848>$tOpere di Pietro Giordani.$dItalia [i.e. Modena] : [Pietro Brighenti], 1821-1827.$g11$w()25755 850 $aSeMil 852 $aSeMil$W1$xVenegono$y1$m1S III 28 FA$j158469$B158469$CSeMilBibl$Z2$F169807 $8I 996 $6245$aVol. 11$9(OLS)http://semarc/title/111152